000
00315nam a22001337a 4500
008
190305b xxu||||| |||| 00| 0 eng d
020
_a
0070327858
041
_a
eng
080
_a
610.73
100
_a
2
101
_a
INF
245
_a
Medical-Surgical Nursing A Conceptual Approach
_c
Jones,D.A
942
_2
udc
_c
BK
999
_c
54507
_d
54507